00798nam a2200229Ia 4500003000400000005001700004008004100021040000700062041001200069082002100081100003300102245005600135260004100191365001300232650002600245650002800271700002200299906006400321942001200385999001900397952015200416OSt20250926175314.0210423s2002 xx 000 0 und d cAL aEnglish a305.231 JAYS223 aStanley Jaya Kumar G9123433 aStatus of families having mentally retirded persons aNew DelhibSonali Publicationsc2002 b500cINR aSocial Groups9123434 aSocial Sciences9123435 aLalitha E9240712 afamilies ; having ; mentally ; persons. ; retirded ; Status 2ddccBK c174302d174302 001040708MSWaSACPGbSACPGd2006-09-11eSaraswathi Publisherg500.00l1o305.231 JAYSpPG020977r2023-03-20 00:00:00s2023-03-14w2021-04-26yBK